000 00571nam a2200193Ia 4500
005 20260114185711.0
008 008 260114s9999 xx 000 0 eng d
020 _a9781474226929
037 _aEBOOK
040 _aCRL
_beng
_cCRL
041 _aeng
_2eng
084 _qCRL
100 _aPatrick H. Armstrong
_9873311
245 0 _aGeographers Biobibliographical Studies, Volume 23
260 _bBloomsbury
_c2004
856 _uhttps://doi.org/10.5040/9781474226929?locatt=label:secondary_bloomsburyCollections
942 _cEBOOK
999 _c1472259
_d1472259